| 000 | 00441pab a2200157 454500 | ||
|---|---|---|---|
| 008 | 180718b2004 xxu||||| |||| 00| 0 eng d | ||
| 100 | _aBenson, Michele | ||
| 245 | _aInterpersonal trust and the magnitude of protest: a micro and macro level approach | ||
| 260 | _c2004 | ||
| 300 | _ap.435-57. | ||
| 362 | _aMay | ||
| 650 | _aProtest movements | ||
| 700 | _aRochon, Thomas R. | ||
| 773 | _aComparative Political Studies | ||
| 909 | _a61041 | ||
| 999 |
_c61041 _d61041 |
||